000 00281nam a2200109 4500
008 160704b xxu||||| |||| 00| 0 eng d
100 _91987
_a Bail, S
245 _aMalwa: On my Mind
260 _aN.D
_b Children Book Trust
_c2000
300 _aMalwa: On my Mind
942 _2ddc
_cBK
999 _c1687
_d1687